Score 0/27 Timer 03:00
4 Plays Today
Clue 4-Letter Word % Correct
Shade of redPINK
95.6%
Part of a chainLINK
94.4%
Half a quartPINT
92.8%
Belly button fluffLINT
91.3%
Color of oxidized ironRUST
88.1%
Unable to hearDEAF
87.9%
Black, brown, or grizzly, e.g.BEAR
87.6%
Deadly SinLUST
86.1%
An actor's partROLE
85.8%
Hand out cardsDEAL
85.4%
Green or Lima, e.g.BEAN
84.7%
Shade of blue-green TEAL
84.5%
It grows on a treeLEAF
84.2%
Brought into lifeBORN
82.2%
Clue 4-Letter Word % Correct
Darkened, like a fontBOLD
78.6%
Shade of greenMINT
78.3%
Red, yellow, blue, and greenLIST
77.3%
Swiss capitalBERN
77%
Shade of redROSE
76.2%
Yellowy green shade; fruitPEAR
76.1%
Deceptive maneuverRUSE
71.4%
Tree trunk colorBOLE
69.5%
Green vegetablesPEAS
64.3%
Black, green, and white, e.g.TEAS
56.9%
Shade of yellowCORN
56.1%
Thin flexible stringCORD
54.6%
Blue, green, or purple colorsCOLD
54.2%

Today's Daily Dose

Remove Ads.
Support Sporcle.
Get the best of Sporcle when you Go Orange. This ad-free experience offers more features, more stats, and more fun while also helping to support Sporcle. Thank you for becoming a member.

You're not logged in!

Compare scores with friends on all Sporcle quizzes.
OR
Log In

Show Comments

Extras

Top Quizzes Today


Score Distribution

Your Account Isn't Verified!

In order to create a playlist on Sporcle, you need to verify the email address you used during registration. Go to your Sporcle Settings to finish the process.

Report this User

Report this user for behavior that violates our Community Guidelines.

Details: